00772nam a22001577a 4500999001700000100007400017245009300091260002700184300000900211700004200220856003200262942001100294952010300305952010300408952010300511 c68305d68302 aMuzaffar Hussaina17-MME-05aSupervisor - Prof. Dr. Liaquat Ali Memon aHeat Transfer Analysis of Engine Radiator Using Nanoparticles (AI2O3) And Market Coolant aNawabshahbQUESTc2021 a49p. aDepartment of Mechanical Engineering  uhttp://tinyurl.com/5h7pjwmz cTHESIS 00104070aRESEARCHbRESEARCHd2024-01-29l0pMP/77-1061r2024-01-29 00:00:00w2024-01-29yTHESIS 00104070aRESEARCHbRESEARCHd2024-03-26l0pMP/77-1060r2024-03-26 00:00:00w2024-03-26yTHESIS 00104070aRESEARCHbRESEARCHd2024-03-27l0pMP/77-1059r2024-03-27 00:00:00w2024-03-27yTHESIS